Everton 2020's Starting XI - Statistics

General Stats
  • This quiz has been taken 3,242 times
    42 since last reset
  • The average score is 22 of 34
Answer Stats
Player % Correct
Jordan Pickford
100%
Séamus Coleman
95%
Gylfi Sigurðsson
92%
Idrissa Gueye
92%
Iliman Ndiaye
87%
James Tarkowski
87%
Richarlison
87%
Dominic Calvert-Lewin
84%
Michael Keane
82%
Vitaliy Mykolenko
82%
James Rodríguez
79%
Yerry Mina
79%
Kiernan Dewsbury-Hall
74%
Thierno Barry
74%
Abdoulaye Doucouré
71%
Alex Iwobi
71%
Alex Iwobi
71%
Allan
71%
André Gomes
71%
Jarrad Branthwaite
71%
Lucas Digne
71%
Jack Grealish
68%
James Garner
66%
Amadou Onana
63%
Jake O'Brien
61%
Dwight McNeil
55%
Anthony Gordon
42%
Ashley Young
34%
Mason Holgate
32%
Demarai Gray
29%
Ben Godfrey
26%
Tom Davies
21%
Conor Coady
18%
Jack Harrison
18%
No matching quizzes found
Score Distribution
Percent of People with Each Score
Percentile by Number Answered
Your Score History
You have not taken this quiz since the last reset